| 000 | 01485nam a2200361 c 4500 | ||
|---|---|---|---|
| 003 | BLK | ||
| 005 | 20241009005431.0 | ||
| 008 | 180410b bul|||||r ||||||| ||bul|| | ||
| 010 | _aKNG00158131000 | ||
| 020 |
_a978-954-431-888-8 _bиздат.: Златното пате |
||
| 040 | _aBLK | ||
| 041 |
_aBUL _cBUL |
||
| 072 | 7 |
_2bullib _aН85 _xДетска художествена литература Н |
|
| 080 |
_aДатска литература _b821.113.4 _x-93-91 _z821.113.4-93-91 |
||
| 700 |
_aАндерсен, Ханс Кристиан _d1805 - 1875 _9363318 |
||
| 700 | 1 |
_aГеоргиев, Галин _eхудож. _9367583 |
|
| 700 | 1 |
_aКнязева, Светлана Ангелова _eхудож. _9367584 |
|
| 139 |
_aПалечка _bП 15 |
||
| 245 | 1 | 0 |
_aПалечка _cпо Ханс Кристиан Андерсен; худож. Галин Георгиев; худож. Светлана Ангелова Князева. |
| 257 | _aDAN | ||
| 260 |
_аСофия _bЗлатното пате _c2012 _fСофия : Образование и наука |
||
| 300 |
_a8 с. _bс цв. ил. _c28 см |
||
| 380 | _aDX | ||
| 490 | 1 | _aПоредица Ела с мен в приказния свят | |
| 500 | _aКор. опис. | ||
| 659 | _aН | ||
| 852 | _aЦб ІІ 19859 | ||
| 856 | 4 |
_qpdf _u |
|
| 856 | 4 |
_qpdf _u |
|
| 942 |
_cKNG _n0 |
||
| 944 |
_aCR _c18.03.2014 _k _lCRON CRON |
||
| 944 |
_aED _c20.11.2014 _kГеновева_Генчева |
||
| 999 |
_c151707 _d151707 |
||